000 00571nam a2200181Ia 4500
008 151202s9999||||xx |||||||||||||| ||und||
082 _bPNVM-54965
100 _aजोगळेकर योगिनी.
245 _aबापलेक.
260 _b"नवचैतन्य प्रकाशन,बोरोवली."
260 _c1990
300 _a212
600 _aजोगळेकर योगिनी.
630 _aबापलेक.
700 _aजोगळेकर योगिनी.
730 _aबापलेक.
942 _cBOOK
999 _c1321503
_d1321500